000 00673nam a22001577a 4500
003 OSt
005 20190712153012.0
008 190712b xxu||||| |||| 00| 0 eng d
040 _cRUA
082 _a AGR PHO 2017 B633 Or.1
100 _913627
_aPHO KHEMARA ផូរ ខេម​រា
245 _acomparison of chinese cabbage ( Brassica pekinensis) Varieties on sandy loam in dry season condition ប្រៀបធៀបពូជស្ពៃក្រញញ់លើដីល្បាយខ្សាច់ក្នុងលក្ខខណ្ធរដូវប្រាំង
260 _aRUA
_bphnom penh
_c2017
300 _axii;50p
_bill;
_c29cm
942 _2ddc
_cAGR
999 _c17961
_d17961